Yazı devrimi (Record no. 2567)

MARC details
000 -BAŞLIK
Sabit Uzunlukta Kontrol Alanı 00994na a2200289 4500
001 - KONTROL NUMARASI
Denetim Alanı 16351
003 - KONTROL NUMARASI IDENTIFIER
Denetim Alanı MIRAKIL
005 - SON İŞLEM TARİHİ VE ZAMANI
Denetim Alanı 20181213154902.0
008 - SABİT-BOY VERİ ELEMANLARI - GENEL BİLGİLER
Sabit Uzunlukta Kontrol Alanı 161003b tu 000 0
035 ## - SİSTEM KONTROL NUMARASI
Sistem Kontrol Numarası 16351
040 ## - KATALOGLAMA KAYNAK
Orijinal Kataloglama Ajansı Milas
Kataloglama Dili tur
Metne Dönüştürmek Ajansı TR-AnCHP
041 ## - DİL KODU
Metin / Ses Parça Veya Ayrı Başlığın Dil Kodu tur
082 ## - DEWEY ONLU SINIFLANDIRMA NUMARASI
Sınıflandırma Numarası 956.1024
Ürün Numarası Y29 1979
090 ## - SINIFLAMA NUMARASI
Sınıflama Numarası 956.1024 Y29 1979
245 ## - BAŞLIK TABLOSU
Başlık Yazı devrimi
260 ## - YAYIN, DAĞITIM, VB
Yayın, Dağıtım, Vb Yeri Ankara
Yayıncı, Dağıtıcı, Vs Adı Türk Dil Kurumu
Yayın, Dağıtım, Vb Tarihi 1979
300 ## - FİZİKSEL TANIM
Kapsam 83 s.
Boyutlar 20 sm.
440 ## - SERİSİ TABLOSU / KATMA GİRİŞİ - BAŞLIK
Başlık Türk Dil Kurumu yayınları
Hacim / Ardışık Tanımı 456
490 ## - SERİSİ TABLOSU
Seri Beyanı Çeşitli Konular dizisi
Hacim / Ardışık Tanımı 24
500 ## - GENEL NOT
Genel Not Türk Dil Kurumu, yazı devrimenin 50. yıldönümü dolayısıyla 1 Kasım 1978'de 9 Aralık 1978'de sonra eren bir "Yazı Devrimi konuşmaları" dizisi düzenlenmiştir. Kitapta o konuşmalar sırayla yer almaktadır.
650 ## - KONU KATMA GİRİŞ - TOPİKAL DÖNEM
Topikal Süreli Veya Coğrafi Ad Giriş Elemanı Tarih
Genel Alt Bölümü İnkılaplar
Coğrafi Alt Bölümü Türkiye
650 ## - KONU KATMA GİRİŞ - TOPİKAL DÖNEM
Topikal Süreli Veya Coğrafi Ad Giriş Elemanı Türk dili
Genel Alt Bölümü Alfabe
651 ## - KONU KATMA GİRİŞ - COĞRAFİ ADI
Coğrafi İsim Türkiye
Genel Alt Bölümü İnkılaplar
Kronolojik Alt Bölümü Alfabe
942 ## - EKLENDİ GİRİŞ ELEMANLARI (KOHA)
Sınıflandırma Veya Raf Düzeni Kaynak
Koha Öğesi Türü Books
999 ## - SİSTEM KONTROL NUMARALARI (KOHA)
Koha Biblionumber 2567
Koha Biblioitemnumber 2567
657 ## - INDEX SÜRE - İŞLEVİ
-- Latin alfabesinin kabulü
657 ## - INDEX SÜRE - İŞLEVİ
-- Atatürk inkılapları
Holdings
Kalıcı Konum Mevcut Konum Edinme Tarihi Edinim Kaynak Toplam Check-Out'Lar Tam Çağrı Numarası Barkod Tarih Son Görülme İtibaren Geçerli Fiyatlar Koha Öğesi Türü
CHP Kütüphanesi CHP Kütüphanesi 10/03/2016 Bağış   956.1024 Y29 1979 005200 10/03/2016 10/03/2016 Books